000 00301nam a2200145Ia 4500
100 _aBishop/Matt
942 _cBK
366 _f17.5
245 _aIntroduction to Computer Security
260 _bPearson Education
_c2009
082 _a5.8
_bBIS
300 _a585
546 _aENGLISH
999 _c30864
_d30864